| Tag |
First Indicator |
Second Indicator |
Subfields |
| LEADER |
00000cam a2200000 i 4500 |
| 001 |
in00005695921 |
| 005 |
20260318163125.7 |
| 006 |
m o d |
| 007 |
cr ||||||||||| |
| 008 |
210514s2021 enkab fob 001 0 eng d |
| 040 |
|
|
|a BRX
|b eng
|e rda
|e pn
|c BRX
|d OCLCO
|d OCLCF
|d K6U
|d OCLCO
|d OCLCQ
|d OCLCO
|d OCLCL
|d OCLCQ
|d OCLCL
|
| 020 |
|
|
|a 9780191916328
|q (ebook)
|
| 020 |
|
|
|a 0191916323
|
| 035 |
|
|
|a (OCoLC)1268403537
|
| 050 |
|
4 |
|a DS63.04
|
| 082 |
0 |
4 |
|a 956.02
|2 23
|
| 049 |
|
|
|a TXAM
|
| 100 |
1 |
|
|a MacArthur-Seal, Daniel-Joseph,
|e author.
|
| 245 |
1 |
0 |
|a Britain's Levantine Empire, 1914-1923 /
|c Daniel-Joseph MacArthur-Seal.
|
| 250 |
|
|
|a First edition.
|
| 264 |
|
1 |
|a Oxford :
|b Oxford University Press,
|c 2021.
|
| 300 |
|
|
|a 1 online resource (304 pages) :
|b illustrations (black and white), map (black and white).
|
| 336 |
|
|
|a text
|b txt
|2 rdacontent
|
| 337 |
|
|
|a computer
|b c
|2 rdamedia
|
| 338 |
|
|
|a online resource
|b cr
|2 rdacarrier
|
| 490 |
1 |
|
|a Oxford studies in modern European history
|
| 500 |
|
|
|a This edition also issued in print: 2021.
|
| 504 |
|
|
|a Includes bibliographical references and index.
|
| 520 |
8 |
|
|a 'Britain's Levantine Empire, 1914-1923' tells a unique history of the impact of British soldiers and government policy on the Eastern Mediterranean during the First World War and its aftermath.
|
| 588 |
|
|
|a Description based on online resource; title from home page (viewed on July 19, 2021).
|
| 610 |
1 |
0 |
|a Great Britain.
|b Army
|x History
|y 20th century.
|
| 610 |
1 |
6 |
|a Grande-Bretagne.
|b Army
|x Histoire
|y 20e siècle.
|
| 610 |
1 |
7 |
|a Great Britain.
|b Army
|2 fast
|
| 651 |
|
0 |
|a Middle East
|x History
|y 1914-1923.
|
| 651 |
|
0 |
|a Middle East
|x Politics and government
|y 1914-1945.
|
| 650 |
|
0 |
|a World War, 1914-1918
|z Middle East.
|
| 650 |
|
0 |
|a World War, 1914-1918
|x Occupied territories.
|
| 651 |
|
0 |
|a Great Britain
|x Politics and government
|y 1910-1936.
|
| 651 |
|
6 |
|a Moyen-Orient
|x Histoire
|y 1914-1923.
|
| 651 |
|
6 |
|a Moyen-Orient
|x Politique et gouvernement
|y 1914-1945.
|
| 650 |
|
6 |
|a Guerre mondiale, 1914-1918
|x Territoires occupés.
|
| 651 |
|
6 |
|a Grande-Bretagne
|x Politique et gouvernement
|y 1910-1936.
|
| 650 |
|
7 |
|a Military occupation
|2 fast
|
| 650 |
|
7 |
|a Politics and government
|2 fast
|
| 651 |
|
7 |
|a Great Britain
|2 fast
|1 https://id.oclc.org/worldcat/entity/E39PBJdmp7p3cx8hpmJ8HvmTpP
|
| 651 |
|
7 |
|a Middle East
|2 fast
|
| 647 |
|
7 |
|a World War
|d (1914-1918)
|2 fast
|0 (OCoLC)fst01180746
|1 https://id.oclc.org/worldcat/entity/E39Qhp4vB9cvdKydGHm4yKx7Gb
|
| 648 |
|
7 |
|a 1900-1999
|2 fast
|
| 655 |
|
7 |
|a Electronic books.
|2 local
|
| 655 |
|
7 |
|a History
|2 fast
|
| 776 |
0 |
8 |
|i Print version :
|z 9780192895769
|
| 830 |
|
0 |
|a Oxford studies in modern European history.
|
| 856 |
4 |
0 |
|u http://proxy.library.tamu.edu/login?url=https://academic.oup.com/book/41263
|z Connect to the full text of this electronic book
|t 0
|
| 936 |
|
|
|a BATCHLOAD
|
| 955 |
|
|
|a Oxford Scholarship Online
|
| 994 |
|
|
|a 92
|b TXA
|
| 999 |
f |
f |
|i f62c76ac-4d0a-4df7-82b8-9abe3e437a74
|s 00df2047-0cbd-4fb6-8cb5-e969a2dd1ffd
|t 0
|
| 952 |
f |
f |
|a Texas A&M University
|b College Station
|c Electronic Resources
|s www_evans
|d Available Online
|t 0
|e DS63.04
|h Library of Congress classification
|
| 998 |
f |
f |
|a DS63.04
|t 0
|l Available Online
|